Himno Galego - Estadísticas

Estadísticas generales
  • Esta prueba ha sido intentada 129 veces
  • La puntuación promedio es 77 de 120
Estadísticas de respuestas
Letra % Correcto
o
95%
a
93%
os
93%
Os
93%
co
91%
din
91%
e
91%
de
90%
na
90%
Que
90%
que
90%
rumorosos
90%
as
88%
costa
88%
verdecente,
88%
do
86%
Do
86%
fogar
83%
altas
81%
Breogán.
81%
copas
81%
luar?
81%
raio
79%
transparente
79%
prácido
76%
arume
74%
ben
74%
escuro
74%
seu
74%
verdes
74%
arpado
71%
compasado
71%
fungar?
71%
da
69%
monótono
69%
non
69%
non.
69%
ao
66%
con
66%
dos
66%
teu
66%
chan,
64%
astros,
62%
castros
62%
cinguido
62%
valeroso
62%
verdor
62%
benignos
60%
des
60%
60%
esquecemento
57%
son,
57%
son
57%
confín
55%
nosa
55%
bos
53%
entenden
52%
entenden,
52%
noso
52%
voz
50%
xenerosos
50%
encono;
47%
fin
47%
sono
47%
inxuria
45%
rudo
45%
desperta
43%
iñorantes
41%
atenden
38%
escuros
38%
imbéciles
38%
mais
38%
nazón
38%
das
34%
arroubo
33%
ronco
33%
duros,
31%
idades
31%
chegados
29%
tempos
29%
bardos
28%
féridos
28%
vaguedades
24%
vosas
24%
terán;
22%
cumprido
19%
boa
17%
pregoa
17%
redenzón
17%
onde
14%
quer,
14%
xigante
12%
pois,
10%
No se encontraron pruebas coincidentes
Distribución de puntuación
Porcentaje de gente con cada puntuación
Porcentaje por número respondido
Historial de tus puntuaciones
No has intentado esta prueba.